El lenguaje del cambio: nueva técnica de la comunicación terapéutica
Saved in:
| Main Author: | |
|---|---|
| Format: | Book |
| Language: | Spanish |
| Published: |
Barcelona
Herder
1989
|
| Edition: | 4a. ed |
| Series: | Biblioteca de Psicología, 69
|
| Subjects: | |
| Tags: |
Add Tag
No Tags, Be the first to tag this record!
|
MARC
| LEADER | 00000nam a2200000 a 4500 | ||
|---|---|---|---|
| 001 | UCO9240 | ||
| 003 | CL-VaPUC | ||
| 008 | 010125e19890000SP |||||||||||||||||spa|d | ||
| 082 | 0 | 4 | |a 616.8914 |b WAT |2 21 |
| 100 | 0 | |a Watzlawick, Paul |e author |9 454275 | |
| 245 | 1 | 3 | |a El lenguaje del cambio: nueva técnica de la comunicación terapéutica |
| 250 | |a 4a. ed | ||
| 300 | |a 170 p | ||
| 942 | |c BK | ||
| 945 | |d 20010125 00:00:00 |a vberengu | ||
| 260 | |a Barcelona |b Herder |c 1989 | ||
| 650 | 0 | |a Comunicación |9 257251 | |
| 650 | 0 | |a Comunicación interpersonal |9 307498 | |
| 650 | 0 | |a Lingüística |9 265068 | |
| 583 | |a last modification |c 20010125 00:00:00 |k Rodrigo Vera | ||
| 490 | 0 | |a Biblioteca de Psicología, 69 | |
| 999 | |c 293512 |d 293510 | ||
| 952 | |0 0 |1 0 |4 0 |6 616_891400000000000_WAT_1989 |7 0 |8 A |9 345083 |a FDOPOS |b FDOPOS |d 2019-11-20 |i 3689921 |o 616.8914 WAT 1989 |p 3689921 |r 2025-01-22 |w 2019-11-20 |y BK |k MLA | ||